[Event "83rd ESP-ch Women-ch 2018"]
[Site "Linares"]
[Date "2018.08.22"]
[Round "3"]
[White "Gomez Sanjuan, Hector Fernando"]
[Black "Moreno Ruiz, Javier"]
[Result "0-1"]
[WhiteElo "2146"]
[BlackElo "2450"]
[Annotator "TA"]
[PlyCount "98"]
[EventDate "2018.08.09"]
[EventType "tourn"]
[EventCountry "ESP"]
[SourceTitle "playchess.com"]
[Source "ChessBase"]
[SourceQuality "1"]

{[%evp 25,98,5,20,11,9,-17,-21,-28,0,-1,0,-18,-31,-23,-22,-14,-26,-67,-53,-66,-47,-62,-56,-70,-81,-152,-110,-146,-144,-193,-167,-193,-190,-190,-191,-467,-467,-467,-454,-467,-459,-439,-440,-388,-373,-371,-368,-380,-244,-322,-287,-507,-507,-507,-506,-546,-545,-527,-517,-470,-329,-336,-334,-322,-321,-474,-474,-4133,-722,-808,-805,-797,-783,-758,-756]} 1. d4 Nf6 2. c4 e6 3. Nc3 Bb4 4. f3 d5 5. a3 Bxc3+ 6. bxc3 c5 7. cxd5 Nxd5 8. dxc5 Qa5 9. e4 Ne7 10. Be3 O-O 11. Qb3 Qc7 12. Bb5 {E25: Nimzo-Indian: Sämisch: 5...c5 6 f3 d5 7 cxd5} Nec6 13. Ne2 Na5 {LiveBook: 13 Games} 14. Qc2 {The position is equal.} (14. Qb4 e5 15. Nd4 exd4 16. cxd4 b6 17. Rc1 Bd7 18. d5 Bxb5 19. cxb6 Qd7 20. Qxa5 axb6 21. Qxb6 Rxa3 {0-1 (53) Kravtsiv,M (2654)-Jakovenko,D (2749) Ankara 2018}) 14... a6 15. Bd3 $146 ({Predecessor:} 15. Ba4 Nd7 16. Bxd7 Bxd7 17. c4 e5 18. Bf2 Rad8 19. Nc3 Nxc4 {1-0 (43) Ballow,J (2383)-Wilson,A (2189) ICCF email 2013}) 15... Nd7 16. c6 Nxc6 17. O-O Nce5 18. Nd4 Nxd3 19. Qxd3 Ne5 20. Bf4 Bd7 21. Bxe5 Qxe5 22. Rab1 Rfd8 {Threatens to win with ...Bb5!} 23. Qe3 b5 24. f4 Qc5 25. e5 (25. Ra1 $142) 25... Rac8 26. Rf3 Qxa3 27. Rh3 Qc5 28. Qd3 g6 29. Qg3 Bc6 30. Qg5 $2 {[#]} (30. Qe3) 30... Rxd4 $1 $19 31. cxd4 Qxd4+ 32. Kh1 Qd2 33. Rg1 Be4 34. Rg3 b4 (34... Rc1 $2 35. h4 $17) 35. h4 a5 36. h5 Qd8 37. hxg6 Qxg5 ({Not} 37... Bxg6 38. Qxd8+ Rxd8 39. Ra1 $17) 38. gxh7+ $2 (38. gxf7+ Kxf7 39. fxg5) 38... Kxh7 {[#] ( -> ...Qh6+)} 39. fxg5 {[%mdl 4096] Endgame KRR-KRB} Bc2 40. Rf1 Kg7 41. Rgf3 Rc7 42. g6 Bxg6 43. Ra1 Rc5 44. Kg1 Rxe5 45. Kf2 (45. Rb3 $142) 45... Bc2 {Black is clearly winning.} 46. Re3 (46. Rg3+ $142 Kf6 47. Rf3+ Ke7 48. Rc1) 46... Rb5 (46... Rxe3 $142 47. Kxe3 b3 48. Rxa5 b2) 47. Ke2 b3 {[%cal Bb4b3,Bb3b2][%mdl 32]} 48. Rg3+ Kf8 49. Kd2 b2 {Precision: White = 40%, Black = 83%.} 0-1

[Event "83rd ESP-ch Women-ch 2018"]
[Site "Linares"]
[Date "2018.08.22"]
[Round "3"]
[White "Nunez, Daniela Alejandra"]
[Black "Arroyo Rodriguez, Jesus"]
[Result "1-0"]
[WhiteElo "2021"]
[BlackElo "2099"]
[Annotator "NA"]
[PlyCount "97"]
[EventDate "2018.08.09"]
[EventType "tourn"]
[EventCountry "ESP"]
[SourceTitle "playchess.com"]
[Source "ChessBase"]
[SourceQuality "1"]
[TimeControl "40/5400+30:1800+30"]

1. e4 {[%emt 0:00:00]} c5 {[%emt 0:08:32]} 2. Nf3 {[%emt 0:00:04]} g6 {[%emt 0:00:06]} 3. d4 {[%emt 0:00:06]} cxd4 {[%emt 0:00:05]} 4. c3 {[%emt 0:00:02]} Bg7 {[%emt 0:03:44]} 5. Bc4 {[%emt 0:00:04]} Nf6 {[%emt 0:01:04] B27: Sicilian: 2 Nf3, unusual Black 2nd moves} (5... d3 6. O-O Nc6 7. a4 Nf6 8. e5 Ng4 9. Bxf7+ Kxf7 10. Ng5+ Kg8 11. Qxg4 Nxe5 12. Qg3 h6 13. f4 hxg5 14. fxe5 {1-0 (39) Dragnev,V (2438)-Vorobiov,E (2581) Bad Wiessee 2016}) 6. e5 {[%emt 0:02:42]} Ng8 {[%emt 0:02:49]} 7. cxd4 {[%emt 0:14:36]} d5 {[%emt 0:07:13]} 8. Bb5+ {[%emt 0:00:45]} Nc6 {[%emt 0:02:26]} 9. h3 $146 {[%emt 0:00:11]} ({Predecessor:} 9. O-O Nh6 10. Nc3 O-O 11. h3 a6 12. Bd3 {1-0 (34) Todortsev,V (1950)-Delaney,W (1800) San Francisco 2012}) 9... e6 {[%emt 0:08:48]} 10. Nc3 {[%emt 0:01:45]} Bd7 {[%emt 0:00:44]} 11. Bg5 {[%emt 0:07:54]} f6 {[%emt 0:01:01]} 12. exf6 {[%emt 0:00:05]} Nxf6 {[%emt 0:00:43]} 13. O-O {[%emt 0:06:28]} O-O {[%emt 0:02:52]} 14. Qd2 {[%emt 0:04:21]} a6 {[%emt 0:11:49]} 15. Bd3 {[%emt 0:09:14]} b5 {[%emt 0:01:49]} 16. Ne2 {[%emt 0:03:33]} Qb6 {[%emt 0:01:03]} 17. Qe3 {[%emt 0:01:40]} Rae8 {[%emt 0:03:35]} 18. Ne5 {[%emt 0:01:51]} Nxe5 {[%emt 0:01:51]} 19. dxe5 {[%emt 0:00:08]} Qxe3 {[%emt 0:00:16]} 20. Bxe3 {[%emt 0:00:07]} Ne4 {[%emt 0:01:11]} 21. f3 {[%emt 0:00:17]} d4 {[%emt 0:00:51]} 22. Bxd4 {[%emt 0:00:10]} Nd2 {[%emt 0:01:16]} 23. Rfd1 {[%emt 0:04:07]} Nc4 {[%emt 0:01:56]} 24. f4 {[%emt 0:02:23]} Rc8 {[%emt 0:01:20]} 25. h4 {[%emt 0:06:07]} Bc6 {[%emt 0:01:16]} 26. b3 {[%emt 0:00:22]} Na5 {[%emt 0:00:21]} 27. Bb6 {[%emt 0:00:09]} Nb7 {[%emt 0:00:16]} 28. Rac1 {[%emt 0:01:16]} Bd5 {[%emt 0:01:01]} 29. g3 {[%emt 0:00:24]} Rfe8 {[%emt 0:01:17]} 30. b4 {[%emt 0:14:32]} Bf8 {[%emt 0:10:48]} 31. a3 {[%emt 0:01:01]} Bb3 {[%emt 0:02:05]} 32. Re1 {[%emt 0:02:42]} Kf7 {[%emt 0:02:01]} 33. Be4 {[%emt 0:02:36]} Bd5 {[%emt 0:00:47]} 34. Nc3 {[%emt 0:04:24]} Bc6 {[%emt 0:02:14]} 35. Kf2 {[%emt 0:05:05]} Be7 {[%emt 0:01:10]} 36. Red1 {[%emt 0:00:56]} a5 {[%emt 0:04:25]} 37. bxa5 {[%emt 0:02:47]} Bxa3 $18 {[%emt 0:00:22]} 38. Rb1 {[%emt 0:00:17]} Bc5+ {[%emt 0:11:50]} 39. Bxc5 {[%emt 0:02:44]} Nxc5 {[%emt 0:00:02]} 40. Bxc6 {[%emt 0:00:10]} Rxc6 {[%emt 0:00:11]} 41. Nxb5 {[%emt 0:30:39]} Ra8 {[%emt 0:30:24]} 42. Nd6+ {[%emt 0:00:11]} Kf8 {[%emt 0:01:35]} 43. Rb5 {[%emt 0:00:21]} Rxd6 {[%emt 0:00:56]} 44. Rxd6 {[%emt 0:01:39]} Ne4+ {[%emt 0:00:13]} 45. Ke3 {[%emt 0:00:13]} Nxd6 {[%emt 0:00:09]} 46. exd6 {[%emt 0:00:04]} Ke8 {[%emt 0:01:07]} 47. Kd4 {[%emt 0:00:22]} Kd7 {[%emt 0:00:24]} 48. Ke5 {[%emt 0:00:14]} Ra7 {[%emt 0:00:17]} 49. Rc5 {[%emt 0:00:07]} 1-0

[Event "83rd ESP-ch Women-ch 2018"]
[Site "Linares"]
[Date "2018.08.22"]
[Round "3"]
[White "Blazquez Gomez, Miguel"]
[Black "Alvarez Fernandez, Enrique"]
[Result "1/2-1/2"]
[WhiteElo "1998"]
[BlackElo "2324"]
[Annotator "TA"]
[PlyCount "127"]
[EventDate "2018.08.09"]
[EventType "tourn"]
[EventCountry "ESP"]
[SourceTitle "playchess.com"]
[Source "ChessBase"]
[SourceQuality "1"]

{[%evp 14,127,-1,-8,7,0,3,-8,-2,-16,-5,-29,-23,-17,9,0,10,8,12,18,19,0,0,0,0,0,0,0,0,0,0,-48,0,-71,-75,-86,3,18,39,8,5,7,49,61,50,-25,0,0,0,0,12,31,22,0,0,0,0,0,0,0,0,-61,-61,-228,-230,-216,-127,-123,-4,-15,-10,-114,0,0,0,0,0,0,0,0,0,0,0,0,0,0,0,-26,0,0,0,-129,-8,-13,0,0,0,0,0,0,0,0,0,0,0,0,0,0,0,0,0,0,0,0,0,0]} 1. e4 c5 2. a3 g6 3. b4 (3. Nc3 Bg7 4. Bc4 Nc6 5. d3 d6 6. h4 Nf6 7. Nge2 h5 8. Bg5 Nd4 9. Nxd4 cxd4 10. Nd5 Nxd5 11. Bxd5 {1-0 (62) Carlsen,M (2832)-Guseinov,G (2645) chess.com INT 2017}) 3... Bg7 4. Nc3 d6 5. g3 Nc6 6. Rb1 {B20: Sicilian: Unusual White 2nd moves} b6 7. Bg2 Bb7 8. Nge2 {LiveBook: 3 Games} Nd4 $146 ({Predecessor:} 8... Qd7 9. O-O e6 10. d3 Nge7 {0-1 (31) Bezgodov,A (2482)-Salem,A (2531) Khanty-Mansiysk 2013}) 9. bxc5 dxc5 10. O-O e6 11. d3 Ne7 12. h4 O-O 13. a4 Bc6 14. a5 Rb8 15. axb6 axb6 16. Nxd4 cxd4 17. Ne2 Qd7 18. h5 Rfc8 19. h6 Ba4 20. Rb2 ({Much worse is} 20. hxg7 Bxc2 21. Qd2 Bxb1 $17) 20... Bf8 21. Bf4 Rb7 22. Qb1 Nc6 23. c4 (23. e5 $11) 23... e5 $17 24. Bd2 Bc5 (24... Rcb8 $17 25. Qa2 Ra7) 25. f4 $11 f6 26. Kh2 Rf8 27. Bh3 Qe8 28. Ra2 Nd8 29. Bb4 (29. fxe5 $14 fxe5 30. Bg5) 29... Bd7 30. Ra8 Bxh3 31. Kxh3 Qd7+ 32. Kg2 $1 Qe7 33. Bxc5 (33. Bd2 {is interesting.} Nc6 34. Qa1 Qd6 35. fxe5 Nxe5 36. Bf4) 33... bxc5 34. Qa2 Nf7 35. Rxf8+ Qxf8 36. fxe5 fxe5 37. Qa5 (37. Qa6 $11 Rb2 38. Rf2) 37... Qd6 $15 38. Rf2 $2 ({White should play} 38. Ng1 $15) 38... Nxh6 $19 {[#] aiming for ...Ng4.} 39. Qa8+ Rb8 (39... Qb8 $19 40. Qxb8+ Rxb8) 40. Qa7 $17 Rf8 (40... Rd8 $17 {White must now prevent ...Qe6.} 41. Nc1 Rd7 42. Qa8+ Kg7) 41. Rxf8+ $11 Qxf8 42. Qd7 {[#]} (42. Qb6 $11 {remains equal.}) 42... Qf7 (42... Qb8 $1 $17 43. Qb5 Qa8) 43. Qc8+ Qf8 44. Qe6+ Nf7 45. Ng1 $1 Qd6 46. Qe8+ Kg7 47. Nf3 h6 48. Qc8 Qb6 49. Qd7 Kf6 50. Nh4 Qd6 (50... Qb2+ $2 51. Kg1 $19) 51. Qc8 {Threatens to win with Qg8.} Kg7 (51... Qb6 {with more complications.} 52. Qd7) 52. Qg4 (52. Nf3 $11) 52... Qf6 (52... Qa6 $17 {White should prevent ...h5.} 53. Qe2 Qb6) 53. Qd7 {The position is equal.} h5 54. Qc7 Qd6 55. Qb7 Qe6 56. Qc7 Qd6 57. Qb7 Kf8 58. Qc8+ Kg7 {With the idea ...Qb6.} 59. Qb7 Qf6 60. Qc7 Qg5 (60... Qa6 $5 61. Nf3 $8 Kf6 $15) 61. Nf3 Qe3 {Hoping for ...Qe2+.} 62. Nxe5 Qe2+ 63. Kg1 Qe1+ 64. Kg2 {Precision: White = 57%, Black = 38%.} 1/2-1/2

[Event "83rd ESP-ch Women-ch 2018"]
[Site "Linares"]
[Date "2018.08.22"]
[Round "3"]
[White "Ortin Blanco, Ainhoa"]
[Black "Esquivias Quintero, Luis Manuel"]
[Result "0-1"]
[WhiteElo "1951"]
[BlackElo "2260"]
[Annotator "NA"]
[PlyCount "72"]
[EventDate "2018.08.09"]
[EventType "tourn"]
[EventCountry "ESP"]
[SourceTitle "playchess.com"]
[Source "ChessBase"]
[SourceQuality "1"]
[TimeControl "40/5400+30:1800+30"]

1. d4 {[%emt 0:00:00]} e6 {[%emt 0:00:00]} 2. c4 {[%emt 0:00:00]} b6 {[%emt 0:00:00]} 3. e4 {[%emt 0:00:03]} Bb7 {[%emt 0:00:00]} 4. Bd3 {[%emt 0:00:12]} Nc6 {[%emt 0:00:00]} 5. Ne2 {[%emt 0:00:18]} Nb4 {[%emt 0:00:00]} 6. Nbc3 {[%emt 0:00:16] A40: Unusual replies to 1 d4} Nxd3+ {[%emt 0:00:00]} 7. Qxd3 {[%emt 0:00:05]} d6 {[%emt 0:00:48]} (7... Ne7 8. O-O d6 9. Be3 Qd7 10. d5 Ng6 11. f4 Be7 12. Bd4 e5 13. fxe5 dxe5 {0-1 (49) Matlakov,M (2728)-Andreikin,D (2706) Tbilisi 2017}) 8. O-O {[%emt 0:01:00]} g6 {[%emt 0:00:16]} 9. d5 {[%emt 0:02:05]} Bg7 {[%emt 0:02:34]} 10. f4 {[%emt 0:01:16]} Ne7 {[%emt 0:01:10]} 11. Nd4 {[%emt 0:05:08]} exd5 {[%emt 0:04:37]} 12. cxd5 {[%emt 0:02:22]} O-O {[%emt 0:02:58]} 13. Be3 {[%emt 0:02:14]} c5 $146 {[%emt 0:07:46]} ({Predecessor:} 13... Bxd4 14. Bxd4 {½-½ (32) Taras,I (2334)-Vecek,M (2320) ICCF email 2016}) 14. dxc6 {[%emt 0:03:11]} Nxc6 {[%emt 0:00:05]} 15. Rad1 {[%emt 0:02:22]} Nb4 {[%emt 0:05:59]} 16. Qc4 {[%emt 0:01:53]} a5 {[%emt 0:02:46]} 17. Qb3 {[%emt 0:04:51]} Ba6 {[%emt 0:14:00]} 18. Rf3 {[%emt 0:01:11]} Rc8 {[%emt 0:07:18]} 19. Rd2 {[%emt 0:07:48]} Bc4 {[%emt 0:05:58]} 20. Qa4 {[%emt 0:00:44]} Nd3 {[%emt 0:06:23]} 21. Qd1 {[%emt 0:09:15]} Nc5 {[%emt 0:02:10]} 22. Rg3 {[%emt 0:08:43]} Qe7 {[%emt 0:05:07]} 23. b3 {[%emt 0:09:17]} Ba6 {[%emt 0:00:19]} 24. Nd5 {[%emt 0:05:15]} Qb7 {[%emt 0:03:09]} 25. Nf5 {[%emt 0:11:01]} gxf5 {[%emt 0:10:31]} 26. Bd4 {[%emt 0:14:25]} f6 $1 {[%emt 0:00:19]} 27. Bxf6 {[%emt 0:01:09]} Rf7 {[%emt 0:01:19]} 28. e5 {[%emt 0:05:59]} Ne4 {[%emt 0:01:52]} 29. exd6 {[%emt 0:01:21]} Nxf6 {[%emt 0:01:15]} 30. Nxf6+ {[%emt 0:00:57]} Rxf6 {[%emt 0:00:21]} 31. d7 {[%emt 0:00:33]} Rd8 {[%emt 0:00:06]} 32. Qa1 {[%emt 0:00:34]} Rf7 {[%emt 0:02:39]} 33. Qe5 {[%emt 0:00:28]} Qe4 $19 {[%emt 0:01:51]} 34. Qa1 {[%emt 0:00:31]} Rdxd7 {[%emt 0:01:38]} 35. Qd1 {[%emt 0:00:31]} Rxd2 {[%emt 0:01:18]} 36. Qxd2 {[%emt 0:00:04]} Qb1+ {[%emt 0:00:08]} 0-1

[Event "83rd ESP-ch Women-ch 2018"]
[Site "Linares"]
[Date "2018.08.23"]
[Round "4"]
[White "Anton Guijarro, David"]
[Black "Ladron de Guevara Pinto, Paolo"]
[Result "0-1"]
[WhiteElo "2652"]
[BlackElo "2424"]
[Annotator "TA"]
[PlyCount "150"]
[EventDate "2018.08.09"]
[EventType "tourn"]
[EventCountry "ESP"]
[SourceTitle "playchess.com"]
[Source "ChessBase"]
[SourceQuality "1"]

{[%evp 20,150,14,9,13,8,59,45,66,70,73,58,83,83,79,77,90,72,73,65,75,66,66,59,66,67,67,59,72,72,79,56,70,56,90,90,90,51,68,72,68,22,67,67,65,50,54,53,86,58,56,48,72,0,7,0,0,0,16,0,0,0,7,9,25,0,0,0,13,0,0,0,29,30,42,21,24,-109,-104,-143,-154,-153,-164,-303,-290,-315,-301,-362,-359,-418,-481,-520,-517,-455,-443,-395,-391,-516,-494,-522,-455,-608,-593,-435,-369,-379,-369,-354,-9,-9,-9,-9,-9,-9,-9,-9,-9,-765,-703,-673,-601,-29942,-29944,-29945,-29939,-12842,-12795,-12850,-12822,-12798,-5501,-2527,-2350]} 1. d4 d5 2. c4 e6 3. Nf3 Nf6 4. Nc3 Be7 5. Qc2 O-O 6. Bg5 Nbd7 7. cxd5 exd5 8. e3 c6 9. Bd3 Re8 10. O-O g6 11. h3 {LiveBook: 27 Partien} Ne4 {D36: Damengambit (Abtauschvariante)} 12. Bf4 {Droht stark Sxd5!} Nxc3 (12... Ndf6 $11) 13. bxc3 $14 {[%cal Bb2c3,Bc3c4,Bc4c5][%mdl 32]} Nf8 {Weiß steht etwas besser.} 14. c4 Bd6 $146 ({Vorgänger:} 14... Ne6 15. Be5 Ng7 16. Rab1 f6 17. Bf4 Bd6 18. cxd5 Bxf4 19. dxc6 bxc6 20. exf4 Qd6 21. Rfc1 {1-0 (41) Aczel,G (2533)-Tomanek,R (1968) Banska Stiavnica 2017}) 15. Bxd6 Qxd6 16. c5 Qc7 17. Rfc1 Be6 18. a4 {[%cal Ba2a4,Ba4a5][%mdl 32]} Rad8 19. a5 a6 20. Rcb1 Bc8 21. Rb3 Re7 22. Qc1 Rde8 23. Kh1 Kg7 24. Qg1 (24. Qb2 {looks sharper.} Qd8 25. Rb1 Kh8 26. Kg1 Kg8 27. Kh2) 24... f6 25. Qh2 (25. Rb6 {is more complex.} Ne6 26. Qb1 Ng5 27. Qd1 Ne4 28. Qc2) 25... Qxh2+ 26. Kxh2 Ne6 27. Rab1 Nd8 28. g4 Nf7 29. Kg3 Ng5 30. Nd2 Nf7 31. h4 Nh6 32. g5 $1 {[%cal Rg5h6]} Nf7 33. Nf3 Rf8 34. Rh1 Rg8 35. Rh2 h5 36. gxf6+ ({Besser ist} 36. Rh1 $16) 36... Kxf6 $11 37. Rg2 Bg4 38. Rg1 Rg7 39. Rbb1 Bf5 40. Rbd1 Bg4 41. Rde1 Re8 42. Nd2 Bf5 43. Be2 Nh6 44. Bf3 Rge7 45. Kh2 Bc8 46. Bd1 Bf5 47. Rg2 Be4 48. f3 (48. Bf3 $11 {hält das Gleichgewicht.}) 48... Bd3 49. e4 dxe4 50. fxe4 Bxe4 51. Rge2 (51. Rf2+ $142 Bf5 52. Rxe7 Rxe7 53. Kg3) 51... Bd5 $19 52. Rxe7 Rxe7 53. Rxe7 Kxe7 {[%mdl 4096] Endspiel KLS-KLS} 54. Bc2 Kf6 $1 55. Ne4+ Bxe4 $1 56. Bxe4 {KL-KS} Ng4+ 57. Kg3 Ne3 58. Kf2 Nd5 $1 {[%cal Rd5f4]} 59. Bg2 Nf4 60. Bf1 g5 61. Kf3 Ne6 62. hxg5+ Nxg5+ 63. Kf4 {[#]} Ne6+ $2 (63... h4 $1 $19 64. Kg4 {[#]} h3 $1 {[%mdl 512]}) 64. Ke3 $1 $11 h4 {Weiss muss nun ...Sg5 beachten.} 65. Bh3 Ke7 66. Bg4 Nc7 67. Kf4 Kd8 68. Kg5 $2 {[%mdl 8192]} (68. Bf5 $11) 68... Nb5 $19 69. Kxh4 Nxd4 70. Bd1 Ne6 71. Kg4 Nxc5 72. Kf5 Ke7 {Schwarz steht klar auf Gewinn.} 73. Ke5 Nd7+ 74. Kd4 Kd6 75. Kc3 Ne5 {Precision: Weiß = 31%, Schwarz = 56%.} 0-1

[Event "83rd ESP-ch Women-ch 2018"]
[Site "Linares"]
[Date "2018.08.23"]
[Round "4"]
[White "Perez Candelario, Manuel"]
[Black "Aroshidze, Levan"]
[Result "1/2-1/2"]
[WhiteElo "2611"]
[BlackElo "2504"]
[Annotator "TA"]
[PlyCount "122"]
[EventDate "2018.08.09"]
[EventType "tourn"]
[EventCountry "ESP"]
[SourceTitle "playchess.com"]
[Source "ChessBase"]
[SourceQuality "1"]

{[%evp 28,122,33,22,32,10,10,0,14,0,7,8,21,6,34,24,107,109,108,96,99,94,96,99,109,108,96,93,101,92,95,89,96,78,112,61,78,68,85,70,59,0,62,0,60,22,94,0,84,92,79,83,83,64,79,81,78,0,0,0,3,0,0,0,0,0,0,0,0,0,0,0,8,0,0,0,0,0,0,0,25,24,25,24,43,0,0,0,0,0,0,0,0,0,0,0,0]} 1. e4 c5 2. Nf3 e6 3. d4 cxd4 4. Nxd4 a6 5. Bd3 Nf6 6. O-O d6 7. c4 Be7 8. Nc3 O-O 9. Qe2 Nbd7 10. b3 Qc7 11. Bb2 {B42: Sicilian: Kan Variation: 5 Bd3} b6 12. f4 Bb7 13. Kh1 Rfe8 14. Rae1 Rad8 15. Bb1 {LiveBook: 14 Games} (15. Nf3 Nh5 16. Nd2 g6 17. Bb1 Bf6 18. g4 Ng7 {1-0 (32) Ponkratov,P (2613)-Bocharov,D (2583) Khanty-Mansiysk 2017}) 15... g6 16. Qf2 Bf8 17. Nf3 Bg7 $146 ({Predecessor:} 17... Qc5) 18. Ng5 Re7 19. Qh4 h6 20. Nf3 Rde8 21. e5 dxe5 (21... Bxf3 $1 $11 {remains equal.} 22. gxf3 dxe5) 22. fxe5 $16 Nh7 23. Ne4 $36 {[%mdl 2048] Black is under strong pressure.} Bxe4 24. Qxe4 Nc5 25. Qe3 Rd8 26. h4 Red7 27. Bd4 Nf8 28. Rd1 a5 29. Bc2 Rc8 30. a3 Qb8 31. Rd2 (31. Kg1 $16) 31... Rdc7 $14 32. Rb1 Ncd7 33. Bd3 Nc5 34. Bc2 Ncd7 $1 35. Bd3 Nc5 36. Bf1 Qb7 (36... a4 $1 $11) 37. Kh2 (37. Rc2 $16) 37... Nfd7 (37... a4 $1 $11) 38. b4 $16 axb4 39. axb4 Ne4 40. Re2 f5 41. exf6 $1 Ndxf6 {[#]} 42. Bxf6 (42. Kg1 $1 $16) 42... Nxf6 $11 43. Qxe6+ Kh7 44. Ree1 Re8 45. Qh3 {aiming for Rxe8.} Rce7 46. Rxe7 Qxe7 47. Re1 Qxb4 48. Rxe8 Nxe8 49. h5 Qd6+ 50. g3 gxh5 51. Qxh5 {[#] Black must now prevent Ng5+.} Nf6 52. Qf5+ Kg8 53. Bh3 Qc5 54. Qe6+ Kh8 55. Kg2 {And now Ne5 would win.} Qb4 56. Qc8+ (56. Bf5 $5 {[%cal Rf3h4]} Nh7 57. Qe8+ Qf8 58. Qe4 $16) 56... Qf8 {The position is equal.} 57. Qe6 Qe8 58. Ne5 Qxe6 59. Bxe6 Bf8 60. Kf3 Kg7 61. g4 Bd6 {Precision: White = 51%, Black = 66%.} 1/2-1/2

[Event "83rd ESP-ch Women-ch 2018"]
[Site "Linares"]
[Date "2018.08.23"]
[Round "4"]
[White "Del Rio de Angelis, Salvador Gabriel"]
[Black "Sanchez Aller, Fernando"]
[Result "1-0"]
[WhiteElo "2525"]
[BlackElo "2345"]
[Annotator "TA"]
[PlyCount "91"]
[EventDate "2018.08.09"]
[EventType "tourn"]
[EventCountry "ESP"]
[SourceTitle "playchess.com"]
[Source "ChessBase"]
[SourceQuality "1"]

{[%evp 17,91,40,54,65,57,47,49,2,75,70,76,44,38,45,70,62,87,86,100,78,126,116,113,122,120,76,104,66,73,69,84,66,124,98,144,102,97,93,92,49,64,29,35,0,216,209,200,207,251,202,284,257,347,364,348,342,315,254,231,216,1244,1219,1121,1075,1753,1763,1768,1667,1701,1596,29988,29989,29989,29990,29991,29992]} 1. d4 Nf6 2. c4 g6 3. Nc3 Bg7 4. e4 d6 5. Be2 O-O 6. Be3 c6 7. Nf3 e5 8. d5 Ng4 {E92: King's Indian: Classical: 6 Be2 e5: 7 dxe5, 7 Be3 and Petrosian System without 7...Nbd7} (8... Na6 9. O-O Ng4 10. Bg5 f6 11. Bh4 c5 12. a3 Qe7 13. Nd2 Nh6 14. Bd3 Nf7 15. Qc2 Bh6 16. Rae1 Nc7 17. f3 Ne8 18. Kh1 Ng7 19. Bf2 f5 20. exf5 gxf5 {½-½ (38) Volkov,S (2638)-Demchenko,A (2649) Beirut 2017}) 9. Bc1 f5 {LiveBook: 6 Games} 10. exf5 gxf5 {White is slightly better.} 11. O-O $146 ({Predecessor:} 11. Ng5 h6 12. Nh3 Nf6 13. f4 cxd5 14. cxd5 Qb6 15. a4 Na6 16. a5 {½-½ (42) Orso,M (2380)-Sale,S (2370) Budapest 1992}) 11... Na6 12. Rb1 (12. Bg5 $5 {[%cal Rg5d8]} Nf6 13. Rb1 $16) 12... c5 (12... Nf6 $11 {keeps the balance.}) 13. Ng5 {[%cal Bf3g5,Bg5h3,Bh3f2,Bf2e4][%mdl 32]} Nf6 14. f3 Nc7 15. a3 Nh5 16. Nh3 f4 {[#]} 17. Nf2 $1 a5 18. Nfe4 Bf6 19. g4 Ng7 {[%cal Bh5g7,Bg7e8,Be8f6][%mdl 32]} 20. Bd3 {[%cal Be2d3,Bd3c2,Bc2a4][%mdl 32]} Bh4 21. Bc2 Rf7 22. Qd3 Nge8 23. Kh1 Rg7 24. Bd2 h6 (24... Nf6 $14) 25. Rg1 $36 {[%mdl 2048] Black is under strong pressure.} b6 26. Ba4 Nf6 27. Bc6 Ra7 28. b4 (28. Be1 {with more complications.} Nxe4 29. Nxe4 Be7 30. Rg2 Ne8 31. Nc3) 28... axb4 29. axb4 Na6 30. bxc5 Nxc5 $2 (30... Nxe4 $11 31. Nxe4 Nxc5 32. Nxc5 bxc5) 31. Nxc5 $18 bxc5 32. Rb8 Bf2 33. Rf1 Bd4 (33... Qc7 $142) 34. Nb5 Ra2 {[#]} 35. Nxd6 $1 {[%mdl 512]} Qxd6 36. Rxc8+ Kf7 {intending ...e4.} 37. h3 e4 38. fxe4 Be3 $2 {[#]} (38... Be5 39. Bb5 Qe7 40. Bxf4 Bxf4) 39. Be8+ $1 {[%mdl 512]} Ke7 (39... Nxe8 40. Bxe3) 40. Qb1 Rxd2 41. Qb7+ Nd7 42. Bxd7 Kf6 43. Rc6 Kg5 44. Rxd6 {White mates.} Kh4 45. Qb1 Rxd7 46. Qe1+ {Precision: White = 64%, Black = 48%.} 1-0

[Event "83rd ESP-ch Women-ch 2018"]
[Site "Linares"]
[Date "2018.08.23"]
[Round "4"]
[White "Asis Gargatagli, Hipolito"]
[Black "Teran Alvarez, Ismael"]
[Result "1/2-1/2"]
[WhiteElo "2515"]
[BlackElo "2377"]
[Annotator "TA"]
[PlyCount "53"]
[EventDate "2018.08.09"]
[EventType "tourn"]
[EventCountry "ESP"]
[SourceTitle "playchess.com"]
[Source "ChessBase"]
[SourceQuality "1"]

{[%evp 28,53,18,13,13,0,10,8,15,-18,9,15,17,23,16,15,21,14,16,18,25,0,12,0,31,0,19,0]} 1. e4 e5 2. Nf3 d6 3. Bc4 Be7 4. d3 Nf6 5. O-O O-O 6. Re1 c6 7. Bb3 Bg4 8. Nbd2 Nbd7 9. c3 Nc5 10. Bc2 Ne6 {C24: Läuferspiel} 11. h3 Bh5 12. Nf1 Nd7 ({Vorgänger:} 12... Ne8 13. Ng3 Bxf3 14. Qxf3 Bg5 15. Nf5 Bxc1 16. Raxc1 g6 {½-½ (42) Smirnov,A (2280)-Domogaev,S (2439) Tula 2016}) 13. Ng3 $146 (13. g4 Bg6 14. Ng3 Ng5 15. Bxg5 Bxg5 16. d4 Bf4 17. Ne2 Qf6 18. Kg2 exd4 19. Nfxd4 {1-0 (33) Carlsen,M (2840)-Wei,Y (2706) Wijk aan Zee 2017 CBM 177 [Meier,G]}) 13... Bxf3 14. Qxf3 g6 15. Bh6 {LiveBook: 8 Partien} Re8 16. Nf1 Bg5 17. Bxg5 Qxg5 18. g3 Rf8 19. h4 Qf6 20. Qxf6 Nxf6 21. Ne3 Kg7 22. Rad1 Rad8 23. Bb3 Nc5 24. Bc2 Ne6 25. Bb3 Nc5 26. Bc2 Ne6 27. Bb3 {Precision: Weiß = 38%, Schwarz = 62%.} 1/2-1/2